zpět

Detail výsledku týmu

Jazz Tibet Club, Olomouc

Datum a čas kvízu

24.5 Celkem bodů Celkový počet nahraných bodů na tomto kvízu bez doplňovacích otázek.
5. Pořadí na kvízu Konečné umístění týmu na tomto kvízu.

Zaznamenané odpovědi

# Otázka Odpověď Body Výsledky
1. Lele Ceterové, partnerce bojov... Rocky 0
2. Odstupující premiérce Angele M... Nina Hagen 0
3. Ve Vlastivědném muzeu v Olomou... modrotisk 1
4. Životní úroveň v Česku se loni... Lucembursko 1
5. Minulý týden se v Paříži udělo... posedmé 1
6. Po slavných psech a koních při... Francie 1
7. Kočka na obrázku pochází ze st... Simonova kočka (Simon's Cat) 1
8. Ve Spojeném království jsou ko... myšilov 1
9. Neopomeneme ani slavné literár... Křivonožka (v originálu Crookshanks) 0
10. Téma slavných koček zakončíme... Bastet 0